Almost Useless Sketch Comedy Trivia Quiz Stats

 Plays Quiz not verified by Sporcle

Score 0/22 Timer 05:00
2 Plays Today
Question Answer % Correct
Name any of the cast members from the first season of Saturday Night Live (1975).Chevy Chase, Gilda Radner, etc.
86.9%
Name either of the Monty Python cast members who performed the famous Dead Parrot Sketch.John Cleese & Michael Palin
75.1%
Complete this common phrase from Monty Python's Flying Circus: 'And now for something ____ ____.'Completely Different
71.8%
Jamie Foxx and Jim Carrey both launched their careers on what early '90s sketch show?In Living Color
70.2%
Stephen Fry was paired with what House, M.D. star on a BBC sketch show from 1989-95?Hugh Laurie
67.9%
'TGS With Tracy Jordan' was a fictional sketch show featured on what NBC sitcom?30 Rock
67.9%
'You'll laugh. You'll cry. You'll hurl,' was the tagline for what 1992 movie based on characters from SNL?Wayne's World
67.1%
What former SNL cast member went on to star in Brooklyn Nine-Nine?Andy Samberg
66.9%
On what comedienne's sketch show did The Simpsons get its start as animated shorts?Tracey Ullman
64.2%
'He sleeps all night and he works all day,' is a lyric from what Monty Python song?The Lumberjack Song
61.1%
What Parks and Recreation star was a main cast member of 1998's Upright Citizen's Brigade?Amy Poehler
55.3%
Question Answer % Correct
What is the name of Seth Green's action figure stop-motion sketch show on Adult Swim?Robot Chicken
53.8%
Dave Foley and Bruce McCulloch were among the primary players in which sketch troupe?The Kids in the Hall
52.1%
Yakety Sax was the closing theme for what slapstick British sketch show?The Benny Hill Show
49.5%
Mama's Family was a spin-off from a sketch in what American variety/sketch show?The Carol Burnett Show
49.4%
In addition to his time on SNL, Martin Short starred in what Canadian sketch show from 1982-83?SCTV
48.7%
President Obama's Anger Translator was a recurring sketch on what Comedy Central show?Key & Peele
47.7%
What actor was a primary cast member of both Portlandia and Saturday Night Live?Fred Armisen
46.9%
Which comedian hosted a sketch show featuring the segment 'Charlie Murphy's True Hollywood Stories'?Dave Chappelle
39.6%
What was the name of Chris Farley's recurring SNL character who lived in a 'van down by the river'?Matt Foley
38%
Breaking Bad star Bob Odenkirk starred with David Cross in what mid-90s HBO sketch program?Mr. Show with Bob and David
32.6%
Reno 911! stars Thomas Lennon & Kerri Kenney-Silver both appeared on what MTV sketch show?The State
17.3%

You're not logged in!

Compare scores with friends on all Sporcle quizzes.
OR
Log In

Show Comments

Extras

Top Quizzes Today


Score Distribution

Your Account Isn't Verified!

In order to create a playlist on Sporcle, you need to verify the email address you used during registration. Go to your Sporcle Settings to finish the process.

Report this User

Report this user for behavior that violates our Community Guidelines.

Details: